000 00593nam a22002537a 4500
003 UA-OsUOA
001 28616
007 ta
008 20050413b un ||||| |||| 00| 0 ukr d
100 _aОкіншевич Лев
090 _a82-94
_bО-49
942 _cBK
040 _aUA-OsUOA
_bukr
_cUA-OsUOA
_dUA-OsUOA
245 _aМоя академічна праця в Україні
300 _a88 с.
955 _a0
041 _aukr
080 _a82-94
020 _a5-7707-8503-9
260 _aЛьвів
_bНТШ
_c1995
044 _aUA
650 7 _2UDC
999 _c314985
_d314985